000 00579nam a2200205Ii 4500
001 3201
003 CO-ViMGA
008 241108s9999||||xx |||||||||||||| ||und||
040 _aCO-ViMGA
_bspa
_erda
_cCO-ViMGA
041 0 _aspa
082 0 4 _a268 S345
100 1 _aFriedrich Schneider
_947086
245 1 0 _aEducación Católica de la familia
264 1 _aMadrid, España : Labor, 1951
300 _avolumen
336 _atext
_btxt
_2rdacontent
337 _aunmediated
_bn
_2rdamedia
338 _avolume
_bnc
_2rdacarrier
940 _aidficha_siabuc: 3125. -- ficha_no_siabuc:3201
999 _c41665
_d41665